MARC details
| 000 -LEADER |
| campo de control de longitud fija |
01486nam a22002535i 4500 |
| 001 - NÚMERO DE CONTROL |
| campo de control |
168131 |
| 003 - IDENTIFICADOR DE NÚMERO DE CONTROL |
| campo de control |
ES-MaACL |
| 005 - FECHA Y HORA DE LA ÚLTIMA TRANSACCIÓN |
| campo de control |
20250719063323.0 |
| 008 - DATOS DE LONGITUD FIJA--INFORMACIÓN GENERAL |
| campo de control de longitud fija |
990701s1826 sp df |||| | spa d |
| 040 ## - FUENTE DE CATALOGACIÓN |
| Centro catalogador/agencia de origen |
GA |
| Lengua de catalogación |
spa |
| Centro/agencia transcriptor |
CCPB | 3D |
| 100 1# - ENTRADA PRINCIPAL--NOMBRE DE PERSONA |
| Nombre de persona |
Pérez Zaragoza Godínez, Agustín, |
| Fechas asociadas al nombre |
ca. 1780- |
| Término indicativo de función/relación |
Autor |
| 9 (RLIN) |
131479 |
| 245 10 - MENCIÓN DEL TÍTULO |
| Título |
Nuevo compendio de la mitología : |
| Resto del título |
o sea ciencia o esplicación [sic] de la fábula, para poder conocer la alegoría de las divinidades del gentilismo : arreglado con claridad y concisión con presencia de los mejores autores que han escrito sobre la materia... / |
| Mención de responsabilidad, etc. |
por A. P. Zaragoza Godínez. |
| 246 1# - FORMA VARIANTE DEL TITULO |
| Título propio/Titulo breve |
Ciencia o explicación de la fábula, para poder conocer la alegoría de las divinidades del gentilismo |
| 260 ## - PUBLICACIÓN, DISTRIBUCIÓN, ETC. |
| Lugar de publicación, distribución, etc. |
Madrid : |
| Nombre del editor, distribuidor, etc. |
[s.n.], |
| Fecha de publicación, distribución, etc. |
1826 |
| Fabricante |
(Imp. de E. Aguado) |
| 300 ## - DESCRIPCIÓN FÍSICA |
| Extensión |
XXIV, 201 páginas, 5 hojas de láminas, 2 hojas plegadas ; |
| Dimensiones |
22 cm. |
| 530 ## - NOTA DISPONIBLE DE FORMULARIO FÍSICO ADICIONAL |
| Nota de formato físico adicional disponible |
Disponible en formato digital |
| 650 #4 - PUNTO DE ACCESO ADICIONAL DE MATERIA--TÉRMINO DE MATERIA |
| Término de materia o nombre geográfico como elemento de entrada |
Mitología. |
| 9 (RLIN) |
15092 |
| 852 ## - LOCALIZACIÓN |
| Ubicación |
ES-MaACL |
| Ubicación en estantería |
Sala Pecera Planta 3 |
| Anotaciones manuscritas |
Dedic. ms. de Rafael Álvarez Sereix para la Biblioteca del Ateneo |
| Donativo/Legado |
Donativo de Rafael Álvarez Sereix |
| Número de control de estantería |
G-7918 |
| Encuadernación |
Pasta con hierros dorados |
| 856 ## - LOCALIZACIÓN Y ACCESO ELECTRÓNICOS |
| Identificador Uniforme de Recursos |
<a href="https://bdh-rd.bne.es/viewer.vm?id=0000286256&page=1">https://bdh-rd.bne.es/viewer.vm?id=0000286256&page=1</a> |
| Texto de enlace |
Versión en línea |
| Nota pública |
(Biblioteca Digital Hispánica) |
| 856 ## - LOCALIZACIÓN Y ACCESO ELECTRÓNICOS |
| Identificador Uniforme de Recursos |
<a href="https://patrimoniodigital.ucm.es/s/patrimonio/item/690640">https://patrimoniodigital.ucm.es/s/patrimonio/item/690640</a> |
| Texto de enlace |
Versión en línea |
| Nota pública |
(Patrimonio Digital Complutense) |
| 942 ## - ELEMENTOS DE ENTRADA SECUNDARIOS (KOHA) |
| Fuente del sistema de clasificación o colocación |
Clasificación decimal universal |
| Tipo de ítem Koha |
Libro impreso antiguo |
| Suprimir en OPAC |
No |